Регионална библиотека "Любен Каравелов" - Русе

Скрижали (Запис номер 112755)

MARC детайли
000 -Лидер
Контролно поле с фиксирана дължина 02039nam a2200433 c 4500
003 - Код на организацията, давaща контролен номер
Контролно поле BLK
005 - Дата и час на последна редакция
Контролно поле 20180422110121.0
008 - Елементи от данни с фиксирана дължина
fixed length control field 180409b bul|||||r ||||||| ||bul||
010 ## - Наследен системен номер
LC control number KNG00118131000
020 ## - Международен стандартен номер на книга ISBN
Международен стандартен номер на книга ISBN 954-500-122-4
-- издат.: Борина
040 ## - Източник на каталожния запис
Идентификатор на билиотеката - собственик на записа BLK
041 ## - Код за език
Код за езика на текст/звукозапис или на отделно заглавие Български
Код за езика КДБФ Български
080 ## - УДК
Текстов определител УДК Създадено и несъздадено битие. Нематериално. Чист разум и дух
УДК код - определител по УДК 111.7
УДК определител
УДК - код + определител 111.7
080 ## - УДК
Текстов определител УДК Космология. Философия на природата
УДК код - определител по УДК 113/119
УДК определител
УДК - код + определител 113/119
080 ## - УДК
Текстов определител УДК Антропогенезис. Произход на човека. Вж и 575.8
УДК код - определител по УДК 572.1/.4
УДК определител
УДК - код + определител 572.1/.4
080 ## - УДК
Текстов определител УДК Бог. Деизъм. Теизъм. Атеизъм. Свободомислие. Вж и 122; 125; 141. 132;231; 234; 239; 272/273; 291. 2
УДК код - определител по УДК 211
УДК определител
УДК - код + определител 211
100 1# - Редна дума - Автор
Автор Алпо Алар
Авторска отговорност първи автор
R(LIN) 30904
139 ## - Редно поле
Редна дума Алпо Алар
Авторски знак Алп - А 57
245 10 - Сведения за заглавието
Заглавие Скрижали
Редно поле (дума) Алпо Алар; худож. Георги Липовански.
250 ## - Област на изданието
Сведения за изданието 2. прераб. и доп. изд.
257 ## - Страна на издаване
Страна на създаване/издаване България
260 ## - Област на издателските данни
-- София
Име на издателя, разпространителя и проч. Борина
Година на издаване 2004
Печатница Отпеч. в Чехия
300 ## - Физическа характеристика
Страници 192 с.
Илюстрации и др. с цв. ил.
Размери/Мащаб 17 см
380 ## - Жанр
Жанр Философия
500 ## - Общи забележки
Забележка Алпо Алар - псевд. на Александър Димитров Попов. - На загл. с. авт. грешно означ. Алпо Аллар. - 1. изд. 2003 на изд. Супер експрес 37 - М. Варадинов
650 #4 - Допълнително описание по предмет – тема
Основно описание – тема или топоним Материя (филос.)
9 (RLIN) 254719
650 #4 - Допълнително описание по предмет – тема
Основно описание – тема или топоним Човек - произход и еволюция
9 (RLIN) 251506
650 #4 - Допълнително описание по предмет – тема
Основно описание – тема или топоним Енергия - философски проблеми
9 (RLIN) 290733
650 #4 - Допълнително описание по предмет – тема
Основно описание – тема или топоним Бог
9 (RLIN) 148860
653 ## - Ключова дума – ненормативна
Ключова дума произход на човека
653 ## - Ключова дума – ненормативна
Ключова дума материя
653 ## - Ключова дума – ненормативна
Ключова дума Вселена
700 1# - Други автори (авторска отговорност)
Лично име Липовански, Георги
Автороска отговорност (Описва отношението между автора и произведението) худож.
9 (RLIN) 375518
852 ## - Местоположение
Форматна сигнатура Цб І 32054
856 4# - Електронен адрес и достъп
Електронен формат pdf - файл
Път до файла /url/
856 4# - Електронен адрес и достъп
Електронен формат pdf - файл
Път до файла /url/
942 ## - АРТИКУЛИ
Вид на библиотечния материал Книги
Скрит в OPAC Не
944 ## - СЪЗДАВАНЕ И РЕДАКЦИЯ на ЗАПИСА
Създаване/Редакция Създаване
Дата на регистрацията/редакция 20.06.2006
Служител, извършил регистрацията/редакцията Валя_Йорданова
944 ## - СЪЗДАВАНЕ И РЕДАКЦИЯ на ЗАПИСА
Създаване/Редакция Редакция
Дата на регистрацията/редакция 20.06.2006
Служител, извършил регистрацията/редакцията
999 ## - СИСТЕМНИ КОНТРОЛНИ НОМЕРА
Koha biblionumber 112755
Koha biblioitemnumber 112755
Наличности
Код за отписване Код за изгубен артикул Код за повреда Коз за рестрикции Код за отдаване Артикулен № Име на библиотеката - собственик Име на библиотеката, в която се намира в момента Статус (Текущо местоположение) Дата на вписване в системата Местоположение - отдел Цена в лева Инвентарен номер Систематично азбучна сигнатура Баркод Номер на екземпляра Цена в евро Служебна бележка Служебен тип на артикула
  Не е изгубен Не е повреден без рестрикции ползва се в читалня 180689 Регионална библиотека "Любен Каравелов" Русе Регионална библиотека "Любен Каравелов" Русе Хранилище 2006-06-21 Хранилище 0.00 120000703183 Цб І 32054 120000703183 1 0.00 Дост: Dp Вид: Д N: 25 Дата: 08.06.2005 Книги
Vip Innovations Ltd, Rousse, Bulgaria 2025